[Event "Let's Play Chess!"]
[Site "http://www.queenalice.com/game.php?id=506600"]
[Date "2008.12.15"]
[Round "-"]
[White "ricma"]
[Black "BobbyF"]
[Result "0-1"]
[WhiteElo "2067"]
[BlackElo "1837"]

1. e4 c5 2. Nf3 d6 3. d4 cxd4 4. Nxd4 Nf6 5. Nc3 a6 6. f4 e5 7. Nf3 Nbd7 8. a4
Be7 9. Bc4 O-O 10. O-O exf4 11. Bxf4 Qb6+ 12. Kh1 Qxb2 13. Nd5 Nxd5 14. Bxd5 Nf6
15. Rb1 Qc3 16. Bxb7 Rb8 17. Bxc8 Rbxc8 18. Bxd6 Rfd8 19. e5 Bxd6 20. exd6 Qc5
21. d7 Rxd7 22. Qe2 Rd6 23. h3 Re8 24. Qf2 Qxf2 25. Rxf2 Ne4 26. Kg1 Nxf2 27.
Kxf2 Rc6 28. Rb2 Rec8 29. Nd4 Rc4 30. Ke3 Rxa4 31. Nc6 Kf8 32. Rb6 Ra8 33. Nb8
a5 34. Nd7+ Ke8 35. Rb7 Ra1 36. Nb6 Rb1 37. c4 a4 0-1

[Event "Let's Play Chess!"]
[Site "http://www.queenalice.com/game.php?id=527869"]
[Date "2009.1.25"]
[Round "-"]
[White "decimator"]
[Black "BobbyF"]
[Result "1/2-1/2"]
[WhiteElo "2226"]
[BlackElo "2047"]

1. d4 Nf6 2. c4 g6 3. Nc3 Bg7 4. Bg5 d6 5. e3 O-O 6. Nf3 c5 7. dxc5 dxc5 8. Be2
Nc6 9. O-O h6 10. Bxf6 Qxd1 11. Raxd1 Bxf6 12. Ne4 Bxb2 13. Nxc5 b6 14. Na4 Bg7
15. c5 Bf5 16. cxb6 axb6 17. Nxb6 Rxa2 18. Rd2 Rxd2 19. Nxd2 Rd8 20. Ndc4 Nb4
21. Rd1 Rxd1+ 22. Bxd1 g5 23. Nd2 Bc3 24. Nf3 Kg7 25. h4 Bf6 26. hxg5 hxg5 27.
Ba4 Kg6 28. Nd4 Bxd4 29. exd4 Be6 30. Kf1 Kf5 31. f3 g4 32. Kf2 gxf3 33. Kxf3
Nd5 34. Bc2+ Kg5 35. Nxd5 Bxd5+ 36. Be4 Bxe4+ 37. Kxe4 Kg4 38. Kd5 Kg3 39. Kc6
Kxg2 40. Kd7 Kf3 41. d5 1/2-1/2

[Event "Let's Play Chess!"]
[Site "http://www.queenalice.com/game.php?id=540164"]
[Date "2009.2.23"]
[Round "-"]
[White "BobbyF"]
[Black "Gil"]
[Result "1-0"]
[WhiteElo "2091"]
[BlackElo "2309"]

1. d4 g6 2. e4 Bg7 3. Nc3 d6 4. Be3 Nf6 5. Qd2 O-O 6. O-O-O Nc6 7. f3 Bd7 8. g4
e5 9. Nge2 a5 10. h4 a4 11. h5 a3 12. b3 Re8 13. d5 Nb4 14. Ng3 Re7 15. Kb1 Kf8
16. hxg6 hxg6 17. Bh6 Ng8 18. Bxg7+ Kxg7 19. Nf5+ Bxf5 20. exf5 Nxa2 21. Kxa2 f6
22. fxg6 Kxg6 23. Bd3+ 1-0

[Event "Challenge"]
[Site "http://www.queenalice.com/game.php?id=542947"]
[Date "2009.2.19"]
[Round "-"]
[White "levi"]
[Black "BobbyF"]
[Result "0-1"]
[WhiteElo "2293"]
[BlackElo "2357"]

1. e4 c5 2. Nf3 d6 3. d4 cxd4 4. Nxd4 Nf6 5. Nc3 a6 6. Bc4 e6 7. Bb3 Nbd7 8. f4
Nc5 9. e5 dxe5 10. fxe5 Nfd7 11. O-O Nxe5 12. Bf4 Ng6 13. Be3 Be7 14. Bc4 O-O
15. Qe2 Qc7 16. a4 b6 17. Rad1 Bb7 18. b4 Ne4 19. Nxe4 Bxe4 20. Bd2 Bb7 21. Bd3
Qe5 22. c3 Qxe2 23. Bxe2 Rac8 24. b5 a5 25. h3 Bc5 26. Kh2 Bxd4 27. cxd4 Rc2 28.
Rf2 Bd5 29. Be3 Ra2 30. Rc1 Ra3 31. Bd2 Rxa4 32. Rc7 Ra2 33. Bd3 a4 34. Bc2 f5
35. Kg3 a3 36. Bb4 Ra8 37. Bc3 Ne7 38. Rxe7 Rc8 39. Bb4 Rcxc2 40. Rxc2 Rxc2 41.
Re8+ Kf7 42. Re7+ Kf6 43. Ra7 g5 44. Be7+ Kg6 45. Bxg5 Kxg5 46. h4+ Kf6 47. Rxa3
Rxg2+ 0-1

[Event "Challenge"]
[Site "http://www.queenalice.com/game.php?id=542948"]
[Date "2009.2.19"]
[Round "-"]
[White "BobbyF"]
[Black "levi"]
[Result "1-0"]
[WhiteElo "2215"]
[BlackElo "2301"]

1. d4 d5 2. c4 dxc4 3. e4 e5 4. Nf3 exd4 5. Bxc4 Nc6 6. O-O Be6 7. Bb5 Bc5 8. b4
Bb6 9. a4 a5 10. bxa5 Rxa5 11. Nbd2 Nf6 12. Ba3 d3 13. Qb1 Ng4 14. h3 h5 15. Bb4
Rxb5 16. axb5 Nxb4 17. Qxb4 f6 18. Nc4 Bxf2+ 19. Rxf2 Nxf2 20. Kxf2 g5 21. b6
Kf7 22. Ra7 Kg6 23. Rxb7 cxb6 24. Ne3 Re8 25. Nf5 Bxf5 26. exf5+ Kh6 27. h4 d2
28. hxg5+ fxg5 29. Rxb6+ Kh7 30. Rb7+ Kh6 31. Nxd2 Re5 32. Qb2 Rxf5+ 33. Kg1 Qf8
34. Ne4 h4 35. Qb6+ Kh5 36. Rh7+ Kg4 37. Qe6 Kf4 38. Nf2 Re5 39. Qc4+ Kf5 40.
Rf7+ 1-0

[Event "Let's Play Chess!"]
[Site "http://www.queenalice.com/game.php?id=545425"]
[Date "2009.2.23"]
[Round "-"]
[White "Gil"]
[Black "BobbyF"]
[Result "0-1"]
[WhiteElo "2326"]
[BlackElo "2296"]

1. d4 Nf6 2. Nf3 g6 3. e3 Bg7 4. Be2 d5 5. O-O O-O 6. c4 dxc4 7. Bxc4 c5 8. Nc3
Nbd7 9. Be2 cxd4 10. Nxd4 Nc5 11. Nb3 Nce4 12. Nxe4 Nxe4 13. f3 Nd6 14. Nd4 e5
15. Nb5 Nxb5 16. Bxb5 e4 17. Be2 Be6 18. Qxd8 Rfxd8 19. Rd1 exf3 20. Rxd8+ Rxd8
21. gxf3 Rc8 22. Bd3 Bc4 23. Bxc4 Rxc4 24. e4 Bd4+ 25. Kh1 Rc2 26. Bf4 Rxb2 27.
Rd1 Rb4 28. Kg2 f6 29. Kg3 Kf7 30. h4 Ke6 31. Kg4 h5+ 32. Kg3 b5 33. Rd3 Ra4 34.
Rd1 Bc3 35. Rc1 b4 36. Rc2 Be1+ 0-1

[Event "Challenge"]
[Site "http://www.queenalice.com/game.php?id=567830"]
[Date "2009.4.6"]
[Round "-"]
[White "Bergman"]
[Black "BobbyF"]
[Result "1/2-1/2"]
[WhiteElo "2577"]
[BlackElo "2399"]

1. e4 c5 2. Nf3 d6 3. d4 cxd4 4. Nxd4 Nf6 5. Nc3 a6 6. Bg5 e6 7. f4 Qb6 8. Qd2
Qxb2 9. Rb1 Qa3 10. f5 Nc6 11. fxe6 fxe6 12. Nxc6 bxc6 13. e5 dxe5 14. Bxf6 gxf6
15. Ne4 Qxa2 16. Rd1 Be7 17. Be2 O-O 18. O-O Ra7 19. Qh6 Qxc2 20. Nxf6+ Bxf6 21.
Rxf6 Qc5+ 22. Kh1 Rg7 23. Bc4 Qe7 24. Rxf8+ Kxf8 25. Rb1 Bd7 26. h4 Kf7 27. Qh5+
Kf8 28. Rb8+ Be8 29. Bd3 Rf7 30. Be4 Qc7 31. Qh6+ Ke7 32. Qg5+ Kf8 33. Qh6+ Ke7
34. Qg5+ 1/2-1/2

[Event "Challenge"]
[Site "http://www.queenalice.com/game.php?id=567867"]
[Date "2009.4.6"]
[Round "-"]
[White "BobbyF"]
[Black "Bergman"]
[Result "1-0"]
[WhiteElo "2419"]
[BlackElo "2615"]

1. d4 Nf6 2. c4 e6 3. Nc3 Bb4 4. e3 O-O 5. Bd3 c5 6. Nf3 d5 7. O-O Nc6 8. a3
Bxc3 9. bxc3 b6 10. cxd5 exd5 11. Ne5 Bb7 12. Bb2 Qd6 13. c4 Rad8 14. dxc5 bxc5
15. Nxc6 Qxc6 16. Qf3 Ne4 17. cxd5 Qxd5 18. Rfd1 Bc6 19. Qg4 g6 20. Bb5 Nd2 21.
Be2 h5 22. Qg3 Rfe8 23. Bc3 Ne4 24. Qh4 Nxc3 25. Rxd5 Nxe2+ 26. Kf1 Bxd5 27.
Kxe2 Bxg2 28. f3 Rd5 29. Qg3 Red8 30. Ra2 Bh1 31. Rb2 Kh7 32. Qe1 Bg2 33. Qa5
R8d7 34. Qc3 Rf5 35. f4 Bd5 36. Rb8 f6 37. h4 Kg7 38. Kf2 Be6 39. Kg3 Rfd5 40.
Ra8 Re7 41. e4 Rdd7 42. e5 fxe5 43. Qxe5+ Kf7 44. Rh8 Rd3+ 45. Kf2 Rd2+ 46. Ke3
Rdd7 47. Rh7+ Kf8 48. Qh8+ Bg8+ 49. Rxe7 Rxe7+ 50. Kf3 Rg7 51. f5 gxf5 52. Qxh5
c4 53. Ke3 Be6 54. Qh8+ Kf7 55. h5 Rg4 56. h6 f4+ 57. Ke4 f3+ 58. Kxf3 Rg6 59.
Ke4 c3 60. Kd3 Rg3+ 61. Kd4 c2 62. Qh7+ Kf6 63. Qxc2 Bf5 64. Qe2 Rg4+ 65. Kd5
Kg6 66. Qh2 Rg5 67. h7 Bh3+ 68. Ke4 Rh5 69. Qg1+ Kxh7 70. Qxa7+ Kh6 71. a4 Rg5
72. Qb8 Kg7 73. a5 Bg2+ 74. Kf4 Rg6 75. Qc7+ Kh6 76. Qd8 1-0

[Event "AUTO-ELITE-342"]
[Site "http://www.queenalice.com/game.php?id=589641"]
[Date "2009.5.17"]
[Round "1"]
[White "BobbyF"]
[Black "serse"]
[Result "1-0"]
[WhiteElo "2479"]
[BlackElo "2190"]

1. d4 Nf6 2. c4 e6 3. Nc3 Bb4 4. e3 O-O 5. Bd3 d5 6. Nf3 c5 7. O-O cxd4 8. exd4
dxc4 9. Bxc4 a6 10. a3 b5 11. axb4 bxc4 12. Ne5 Bb7 13. Nxc4 Qc7 14. b3 Nd5 15.
Na4 Nc6 16. Nc5 1-0

[Event "AUTO-ELITE-342"]
[Site "http://www.queenalice.com/game.php?id=589642"]
[Date "2009.5.17"]
[Round "1"]
[White "serse"]
[Black "BobbyF"]
[Result "0-1"]
[WhiteElo "2190"]
[BlackElo "2489"]

1. e4 c5 2. Nf3 d6 3. d4 cxd4 4. Nxd4 Nf6 5. Nc3 a6 6. Be2 e5 7. Nb3 Be7 8. O-O
O-O 9. Kh1 Nc6 10. Be3 Be6 11. Qd2 b5 12. a3 d5 13. exd5 Nxd5 14. Bf3 Nxe3 15.
Qxe3 Rc8 0-1

[Event "AUTO-ELITE-342"]
[Site "http://www.queenalice.com/game.php?id=589643"]
[Date "2009.5.17"]
[Round "1"]
[White "BobbyF"]
[Black "danthebugman"]
[Result "1-0"]
[WhiteElo "2552"]
[BlackElo "2378"]

1. d4 Nf6 2. c4 c5 3. d5 b5 4. cxb5 a6 5. f3 e6 6. e4 exd5 7. e5 Qe7 8. Qe2 Ng8
9. Nc3 Bb7 10. Nh3 c4 11. Nf4 Qc5 12. Nfxd5 Bxd5 13. Be3 Qb4 14. a3 Qa5 15. Bd2
Be6 16. Nd5 Qd8 17. Qxc4 Ra7 18. Rc1 Bxd5 19. Qxd5 axb5 20. Bxb5 Ne7 21. Qd3
Nec6 22. O-O Be7 23. f4 Rb7 24. Kh1 Qb6 25. Bc4 Qd4 26. b4 Qxd3 27. Bxd3 Ra7 28.
Rc3 d5 29. Bb5 Kd7 30. Rfc1 Rc8 31. Be3 1-0

[Event "AUTO-ELITE-342"]
[Site "http://www.queenalice.com/game.php?id=589644"]
[Date "2009.5.17"]
[Round "1"]
[White "danthebugman"]
[Black "BobbyF"]
[Result "0-1"]
[WhiteElo "2385"]
[BlackElo "2564"]

1. e4 c5 2. f4 e6 3. Nf3 d5 4. Nc3 dxe4 5. Nxe4 Nf6 6. Nf2 Bd6 7. d3 O-O 8. g3
Nc6 9. Bg2 Qc7 10. O-O b5 11. a4 b4 12. b3 Bb7 13. Bb2 Be7 14. Qe2 Rad8 15. Ne5
Nd4 16. Bxd4 Bxg2 17. Kxg2 cxd4 18. Nc4 Nd5 19. Nd1 Rfe8 20. Re1 Bf8 21. Nf2 f5
22. Nd1 g6 23. Rc1 Bg7 24. Ne5 Bf6 25. Nc4 h6 26. Rb1 g5 27. fxg5 hxg5 0-1

[Event "Challenge"]
[Site "http://www.queenalice.com/game.php?id=591082"]
[Date "2009.5.20"]
[Round "-"]
[White "BobbyF"]
[Black "Bergman"]
[Result "1/2-1/2"]
[WhiteElo "2497"]
[BlackElo "2662"]

1. d4 Nf6 2. c4 g6 3. Nc3 Bg7 4. e4 d6 5. Nf3 O-O 6. Be2 e5 7. O-O Nc6 8. d5 Ne7
9. b4 Nh5 10. g3 a5 11. Ba3 axb4 12. Bxb4 b6 13. a4 f5 14. a5 bxa5 15. Rxa5 Rb8
16. Rb5 Bd7 17. Ng5 Nf6 18. c5 Bxb5 19. Nxb5 Nxe4 20. Nxe4 Rxb5 21. Bxb5 fxe4
22. Qg4 Nf5 23. Qxe4 Nd4 24. Bc4 Qd7 25. cxd6 cxd6 26. Kg2 Rb8 27. Bd2 Rb2 28.
Be3 Nf5 29. Bc1 Rb8 30. Bd3 Bh6 31. Ba3 Ra8 32. Ra1 Ra4 33. Qf3 Qc8 34. Bb2 Rxa1
35. Bxa1 Qa8 36. Bc3 Qa3 37. Bxf5 1/2-1/2

[Event "Challenge"]
[Site "http://www.queenalice.com/game.php?id=591083"]
[Date "2009.5.20"]
[Round "-"]
[White "Bergman"]
[Black "BobbyF"]
[Result "0-1"]
[WhiteElo "2704"]
[BlackElo "2510"]

1. d4 Nf6 2. c4 g6 3. Nc3 Bg7 4. e4 d6 5. f3 O-O 6. Be3 c5 7. dxc5 dxc5 8. Qxd8
Rxd8 9. Bxc5 Nc6 10. Be3 Nb4 11. Rc1 Be6 12. Kf2 Nd7 13. a3 Nc6 14. b3 Na5 15.
Nd5 Nxb3 16. Rb1 Na5 17. Nxe7+ Kf8 18. Nd5 b6 19. Nh3 Rac8 20. Rc1 Bb2 21. Bh6+
Ke8 22. Rc2 Bxa3 23. Nhf4 Bc5+ 24. Kg3 Bd6 25. Kf2 b5 26. Bg5 b4 27. Bxd8 Bc5+
28. Kg3 Rxd8 29. Be2 b3 30. Rd2 Bd6 31. Kf2 Nb7 32. Ra1 a5 33. Nd3 Ra8 34. Nb2
Nbc5 35. g3 Be5 36. Ke3 a4 37. Ra3 Bxd5 38. cxd5 Nb6 39. Bb5+ Ke7 40. Nc4 Nxc4+
41. Bxc4 Bc3 42. d6+ Kd8 43. Bxf7 Bb4 44. Rda2 bxa2 45. Rxa2 Nd7 46. Bg8 h6 47.
Bd5 Ra5 48. Bf7 Bc5+ 49. Ke2 g5 50. f4 Bxd6 51. e5 Bc5 52. Kf3 a3 53. Bc4 Bd4
54. Rd2 Bc3 55. Rd1 Ke7 56. Ba2 Rb5 57. Rc1 Rb2 58. Bd5 Bd4 59. Rc6 Rb5 60. Re6+
Kd8 61. Bc4 Rc5 62. Ba2 Rc2 63. Bb1 Rb2 64. Ra6 Rxb1 65. Rxa3 Ke7 66. Ra4 Rb3+
67. Kg4 Bg1 68. Ra6 Bxh2 69. Rxh6 Bxg3 70. Kxg5 Rb4 71. Rh7+ Ke8 72. Rh8+ Nf8
73. Rh1 Bxf4+ 74. Kf5 Bg3 75. Ra1 Rf4+ 76. Kg5 Rf2 77. Ra8+ Ke7 78. Ra5 Nd7 79.
Ra7 Bxe5 80. Ra6 Bd6 0-1

[Event "AUTO-ELITE-370"]
[Site "http://www.queenalice.com/game.php?id=618548"]
[Date "2009.7.14"]
[Round "1"]
[White "Mestre_Quin"]
[Black "BobbyF"]
[Result "0-1"]
[WhiteElo "2194"]
[BlackElo "2618"]

1. b4 e6 2. Bb2 Nf6 3. a3 d5 4. e3 c5 5. g4 h6 6. b5 Nbd7 7. Bg2 a6 8. a4 axb5
9. axb5 Rxa1 10. Bxa1 Qa5 11. Bxf6 Nxf6 12. Nc3 d4 13. Ne4 Be7 14. Nxf6+ Bxf6
15. h4 Qxb5 16. Ne2 Bd7 17. f4 Bc6 18. Kf2 Bxg2 19. Kxg2 dxe3 20. dxe3 O-O 21.
g5 Rd8 22. Qe1 Bb2 23. gxh6 Qc6+ 24. Kh3 Rd2 25. Rh2 Rxc2 26. Qg3 Qe4 0-1

[Event "AUTO-ELITE-370"]
[Site "http://www.queenalice.com/game.php?id=618549"]
[Date "2009.7.14"]
[Round "1"]
[White "BobbyF"]
[Black "Mestre_Quin"]
[Result "1-0"]
[WhiteElo "2576"]
[BlackElo "2201"]

1. d4 d5 2. c4 e5 3. dxe5 d4 4. Nf3 Nc6 5. a3 Be6 6. b4 Bxc4 7. Nbd2 Be6 8. g3
a6 9. Bg2 Qd7 10. O-O Bh3 11. Bxh3 Qxh3 12. Bb2 O-O-O 13. Rc1 Nge7 14. Qb3 h5
15. Ng5 Qf5 16. Nxf7 1-0

[Event "AUTO-ELITE-370"]
[Site "http://www.queenalice.com/game.php?id=618554"]
[Date "2009.7.14"]
[Round "1"]
[White "Kiwizany"]
[Black "BobbyF"]
[Result "1/2-1/2"]
[WhiteElo "2341"]
[BlackElo "2578"]

1. e4 c5 2. Nf3 d6 3. g3 Nf6 4. d3 g6 5. Bg2 Bg7 6. Nbd2 Nc6 7. O-O O-O 8. Re1
Rb8 9. e5 Ne8 10. Nb3 dxe5 11. Nxc5 b6 12. Nb3 Nd6 13. d4 Bg4 14. d5 Na5 15. h3
Bxf3 16. Qxf3 Nac4 17. Nd2 b5 18. Qe2 f5 19. Nxc4 bxc4 20. c3 Rb5 21. Be3 Qb8
22. b4 e4 23. Qd2 Nf7 24. a4 Rb7 25. Bf4 Ne5 26. Rad1 Rd7 27. f3 Nxf3+ 28. Bxf3
e5 29. dxe6 Rxd2 30. Bxb8 Rxd1 31. Rxd1 Rxb8 32. Be2 Bxc3 33. Bxc4 Re8 34. b5
Re7 35. Kf2 Ba5 36. Rd7 1/2-1/2

[Event "AUTO-ELITE-370"]
[Site "http://www.queenalice.com/game.php?id=618555"]
[Date "2009.7.14"]
[Round "1"]
[White "BobbyF"]
[Black "Kiwizany"]
[Result "1-0"]
[WhiteElo "2567"]
[BlackElo "2340"]

1. d4 c6 2. c4 d5 3. Nf3 Nf6 4. Nc3 e6 5. e3 Be7 6. Bd3 O-O 7. O-O Nbd7 8. b3 b6
9. Bb2 Bb7 10. Qe2 a6 11. Rad1 c5 12. cxd5 exd5 13. Ne5 cxd4 14. exd4 Re8 15. f4
b5 16. g4 b4 17. Na4 Rb8 18. Bf5 g6 19. g5 gxf5 20. gxf6 Bxf6 21. Rd3 Bg7 22.
Qh5 Re7 23. Nc5 Nxc5 24. dxc5 Qc7 25. c6 f6 26. Nd7 Rxd7 27. cxd7 Qxd7 28. Rh3
h6 29. Rg3 d4 30. Kf2 Kf8 31. Rxg7 Qxg7 32. Rg1 Rc8 33. Rxg7 Rc2+ 34. Ke1 Kxg7
35. Bxd4 Be4 36. Qe8 1-0

[Event "Challenge"]
[Site "http://www.queenalice.com/game.php?id=638689"]
[Date "2009.8.19"]
[Round "-"]
[White "Bergman"]
[Black "BobbyF"]
[Result "1/2-1/2"]
[WhiteElo "2805"]
[BlackElo "2609"]

1. e4 c5 2. Nf3 d6 3. d4 cxd4 4. Nxd4 Nf6 5. Nc3 a6 6. Bg5 e6 7. f4 Qb6 8. Qd2
Qxb2 9. Rb1 Qa3 10. e5 dxe5 11. fxe5 Nfd7 12. Ne4 h6 13. Bh4 Qxa2 14. Rd1 Qd5
15. Qe3 Qxe5 16. Be2 Bc5 17. Bg3 Bxd4 18. Rxd4 Qa5+ 19. Rd2 O-O 20. Bd6 f5 21.
Bxf8 Nxf8 22. Nd6 Nbd7 23. g4 fxg4 24. Bxg4 Qa1+ 25. Rd1 Qe5 26. Rd3 a5 27. Rg1
a4 28. Be2 Qxe3 29. Rxe3 Nb6 30. Reg3 g5 31. h4 1/2-1/2

[Event "Challenge"]
[Site "http://www.queenalice.com/game.php?id=638690"]
[Date "2009.8.19"]
[Round "-"]
[White "BobbyF"]
[Black "Bergman"]
[Result "1-0"]
[WhiteElo "2578"]
[BlackElo "2794"]

1. d4 Nf6 2. c4 e6 3. Nc3 Bb4 4. Qc2 d5 5. a3 Bxc3+ 6. Qxc3 Ne4 7. Qc2 Nc6 8. e3
O-O 9. b4 Ne7 10. Bd3 f5 11. Nf3 dxc4 12. Bxc4 Nd6 13. Bb3 Nd5 14. O-O Bd7 15.
Bd2 Be8 16. Ne5 Nf7 17. Nd3 Nd6 18. f3 Qe7 19. Rac1 Rc8 20. Rfe1 Qf6 21. a4 c6
22. Qc5 Qd8 23. Ne5 b6 24. Qc2 Qh4 25. Rf1 Rc7 26. Qa2 Nf7 27. Nd3 Bd7 28. Rce1
Qf6 29. Qa1 Qe7 30. e4 fxe4 31. fxe4 Nf6 32. b5 Rfc8 33. Bf4 cxb5 34. Bxc7 Rxc7
35. e5 1-0

[Event "AUTO-ELITE-342"]
[Site "http://www.queenalice.com/game.php?id=646026"]
[Date "2009.9.2"]
[Round "2"]
[White "BobbyF"]
[Black "puddschini"]
[Result "1-0"]
[WhiteElo "2618"]
[BlackElo "2470"]

1. d4 Nf6 2. c4 g6 3. Nc3 Bg7 4. e4 d6 5. Nf3 O-O 6. Be2 e5 7. O-O Nc6 8. d5 Ne7
9. b4 Nh5 10. g3 a5 11. Ba3 f5 12. bxa5 Nf6 13. Nd2 Bh6 14. Bb4 Bxd2 15. Qxd2
fxe4 16. Rfe1 Bf5 17. c5 dxc5 18. Bxc5 Rxa5 19. Nb5 b6 20. Bb4 Ra4 21. d6 cxd6
22. Bxd6 Rf7 23. Qd1 Qa8 24. Bxe5 Ned5 25. Nd6 Re7 26. Bb5 Raa7 27. Bb2 Rac7 28.
Rc1 1-0

[Event "AUTO-ELITE-342"]
[Site "http://www.queenalice.com/game.php?id=646027"]
[Date "2009.9.2"]
[Round "2"]
[White "puddschini"]
[Black "BobbyF"]
[Result "0-1"]
[WhiteElo "2479"]
[BlackElo "2653"]

1. e4 c5 2. Nf3 d6 3. d4 cxd4 4. Nxd4 Nf6 5. Nc3 a6 6. Bg5 e6 7. f4 Qb6 8. a3
Nc6 9. Nb3 Be7 10. Qd2 h6 11. Bxf6 Bxf6 12. O-O-O Be7 13. g4 Bd7 14. h4 O-O-O
15. Kb1 Kb8 16. Bg2 Na5 17. Nxa5 Qxa5 18. Rh3 Rc8 19. Rd3 Bc6 20. h5 Qc5 21. Rd4
e5 22. Rd3 exf4 23. Qxf4 Bf6 24. Qxd6+ Qxd6 25. Rxd6 Bxc3 26. bxc3 Rhe8 27. R6d4
Re5 28. Kb2 Rce8 29. Rf1 f6 30. Rf4 Kc7 31. c4 Bd7 32. Bf3 Be6 33. c3 Rd8 34. a4
Rd6 35. Be2 Rb6+ 36. Ka2 Ra5 37. Bd1 Rc5 38. Be2 Re5 39. Rf1 Rd6 40. Rf4 b5 41.
axb5 Rxb5 42. Rxd6 Kxd6 43. Rf1 Rb7 44. Ka3 Kc5 45. Rf4 Rb1 46. e5 Ra1+ 47. Kb3
fxe5 48. Re4 Kd6 49. Kc2 Ra2+ 50. Kb3 Ra5 51. Re3 Rb5+ 52. Kc2 Rc5 53. Kb3 a5
54. Re4 Ke7 55. Bd1 Kf6 56. Bf3 Bg8 0-1

[Event "AUTO-ELITE-370"]
[Site "http://www.queenalice.com/game.php?id=664237"]
[Date "2009.10.7"]
[Round "2"]
[White "BobbyF"]
[Black "Conde7"]
[Result "1-0"]
[WhiteElo "2629"]
[BlackElo "2740"]

1. d4 Nf6 2. c4 e6 3. Nc3 Bb4 4. e3 c5 5. Bd3 O-O 6. Nf3 d5 7. O-O Nc6 8. a3
Bxc3 9. bxc3 dxc4 10. Bxc4 Qc7 11. h3 e5 12. Bb2 e4 13. Nd2 Na5 14. Ba2 c4 15.
f3 Bxh3 16. Nxe4 Nd5 17. Qd2 Be6 18. Rae1 Rfe8 19. Nf2 Nf6 20. e4 Nh5 21. Rb1 f5
22. Bc1 Bf7 23. e5 Nb3 24. Qc2 Bd5 25. Rxb3 cxb3 26. Bxb3 Qf7 27. Bxd5 Qxd5 28.
Qd3 Rac8 29. g4 Ng3 30. Re1 Rf8 31. Bf4 Qb3 32. Bd2 h5 33. e6 Qxa3 34. Kg2 h4
35. e7 Rfe8 36. Bg5 Qb3 37. d5 Rxc3 38. Qd1 Rc2 39. Bxh4 Rxe7 40. Bxe7 Qb2 41.
Bc5 1-0

[Event "AUTO-ELITE-370"]
[Site "http://www.queenalice.com/game.php?id=664238"]
[Date "2009.10.7"]
[Round "2"]
[White "Conde7"]
[Black "BobbyF"]
[Result "1/2-1/2"]
[WhiteElo "2710"]
[BlackElo "2650"]

1. e4 c5 2. Nf3 d6 3. d4 cxd4 4. Nxd4 Nf6 5. Nc3 a6 6. Be3 e5 7. Nb3 Be6 8. f3
Nbd7 9. g4 Nb6 10. g5 Nh5 11. Qd2 Be7 12. O-O-O O-O 13. Rg1 Rc8 14. Kb1 Qc7 15.
Qf2 Nc4 16. Bxc4 Qxc4 17. f4 exf4 18. Bxf4 Nxf4 19. Qxf4 b5 20. h4 a5 21. Nd4
Rc5 22. Qf3 f5 23. Nxe6 Qxe6 24. exf5 Rfxf5 25. Qa8+ Bf8 26. Qxa5 Qc4 27. a3
Qxh4 28. g6 h5 29. Qa8 Rce5 30. Rxd6 b4 31. axb4 Qxb4 32. Rc6 Qh4 33. Rc1 Re1
34. Rxe1 Qxe1+ 35. Ka2 Qd2 36. Qa4 Qf4 37. Qb3+ Kh8 38. Ra6 Qg4 39. Nd5 Qe4 40.
Nc7 Rf1 41. Qb5 Qh1 42. Re6 Ra1+ 43. Kb3 Qf3+ 44. Qd3 Qb7+ 45. Nb5 Qa8 46. Qc4
Bb4 47. Qe2 Qa4+ 48. Kc4 Bf8+ 49. Kd5 Kg8 50. b3 Qa8+ 51. Rc6 Qa5 52. Rc8 Qb6
53. Qe6+ Qxe6+ 54. Kxe6 Rf1 55. Nd4 1/2-1/2